LIBRARY & INFORMATION CENTRE, KCAET, TAVANUR

ONLINE PUBLIC ACCESS CATALOGUE (OPAC)

Normal view MARC view
  • Mausuer, Bernard

Entry Personal Name

Number of records used in: 1

001 - CONTROL NUMBER

  • control field: 5932

003 - CONTROL NUMBER IDENTIFIER

  • control field: OSt

005 - DATE AND TIME OF LATEST TRANSACTION

  • control field: 20240213145948.0

008 - FIXED-LENGTH DATA ELEMENTS

  • fixed length control field: 240213|| aca||aabn | a|a d

040 ## - CATALOGING SOURCE

  • Original cataloging agency: OSt
  • Transcribing agency: OSt

100 ## - HEADING--PERSONAL NAME

  • Personal name: Mausuer, Bernard

670 ## - SOURCE DATA FOUND

  • Source citation: Work cat.: (OSt)25: Herzberg, Frederick . 5930, Motivation to work / , 1959.
free website counter